| 000 -LEADER |
| fixed length control field |
00323nam a22001457a 4500 |
| 008 - FIXED-LENGTH DATA ELEMENTS--GENERAL INFORMATION |
| fixed length control field |
230912b ||||| |||| 00| 0 eng d |
| 020 ## - INTERNATIONAL STANDARD BOOK NUMBER |
| International Standard Book Number |
080167241 |
| 041 ## - LANGUAGE CODE |
| Language code of text/sound track or separate title |
eng |
| 080 ## - UNIVERSAL DECIMAL CLASSIFICATION NUMBER |
| Edition identifier |
FIRST EDITION 1972 |
| Universal Decimal Classification number |
521 |
| 082 ## - DEWEY DECIMAL CLASSIFICATION NUMBER |
| Classification number |
521HIL |
| 100 ## - Rafti |
| Rafti |
19 |
| 101 ## - Shkurtesa |
| Shkurtesa |
ASTRO |
| 245 ## - TITLE STATEMENT |
| Title |
COSMIC RAYS |
| Statement of responsibility, etc |
HILLAS.M.A |
| 942 ## - ADDED ENTRY ELEMENTS (KOHA) |
| Source of classification or shelving scheme |
|
| Item type |
Books |